00791 2200289 4500001002100000005001700021008004100038035002400079082001600103090002300119100001800142245005300160250001500213260003400228300002600262500002700288500003100315500001100346650003400357650003300391850001500424980001100439985000600450999001500456999001500471999001500486YOGYA-0209000000462820090227020729.0 ind  0010-020900000004628 a001.6425021 a001.6425021bJog S aJOGIYANTO H.M aStatistik dengan program komputercJogiyanto H.M aEd.2,cet.2 aYogyakartabAndi Offsetc1990 a... Jilidbilusc1990 aYang diterima : Jil. I aBibliografi : hlm. 207-208 aIndeks aKomputer - Penyusunan program aProgram komputer - Statistik aYOPDYOG(B) a050428 a3 a95P0103057 a97P0103058 a97P0103059